| 000 | 00870nam a22002777a 4500 | ||
|---|---|---|---|
| 003 | CHAP | ||
| 005 | 20220329140938.0 | ||
| 008 | 971013s1948 r 00010 d | ||
| 010 | _a60202 | ||
| 011 | _a61174 | ||
| 035 | _a65338 | ||
| 040 | _cCHAP | ||
| 082 |
_a575.103 _bK45 |
||
| 100 | 0 | 0 |
_aKnight, Robert L. _ecomp. _963529 |
| 245 | _aDictionary of genetics, including terms used in cytology, animal breeding and evolution | ||
| 260 |
_aWaltham : _bChronica Botanica, _c1948 |
||
| 300 | _a183 p. | ||
| 590 |
_aBATCH-UPD _b10 _c20130110 _lUCH01 _h2158 |
||
| 590 |
_aBATCH-UPD _b10 _c20130410 _lUCH01 _h1507 |
||
| 590 |
_aBATCH-UPD _b10 _c20130914 _lUCH01 _h1535 |
||
| 590 |
_aCONVERSION _b10 _c20130109 _lUCH01 _h1332 |
||
| 650 | 1 | 4 |
_aGenética _xDiccionarios. _947471 |
| 901 | _aBK | ||
| 942 | _cLIBRO | ||
| 949 |
_a575.103 K45 _bBC _cC _d33724000517181 _eC _h18165 _i65338 _si |
||
| 999 |
_c60202 _d60202 |
||